Statistics for Greys Anatomy: Meredith Grey

Click here to take the quiz!

General Stats

  • This quiz has been taken 623 times
  • The average score is 16 of 21

Answer Stats

HintAnswer% Correct
Derek originally chose who over Meredith?Addison (his former wife)
97%
Her hand is the only thing preventing a ______ from explodingBomb
95%
What age was Meredith when her father left?5
94%
Her friend and former roomate Izzie Stevens is diagnosed with _________Stage IV Metastatic Melanoma
92%
Her adopted daughter, _____, is taken away from herZola
89%
One of her very close friends, George O'Malley is dragged by a _____ and she unknowlingly operates on him until it's too lateBus
87%
Her husband (Derek) is _______, but thankfully survives (seaon 6, episode 24)Shot
87%
Meredith's mother has what disease?Alzheimer's
86%
Her best friend, ________ ____, moved across the worldCristina Yang
86%
Meredith finds out that she has the __________ geneAlzheimer's
83%
Meredith gets in a _________, and her half-sister (Lexie Grey) and Mark Sloan are killedPlane Crash
81%
Meredith finds out that Derek has what?A Wife
77%
While she nearly ________, what happened to her mother in that same episode? (part 2 to above question)Her mother died
74%
In that same episode, Meredith suffers a ________ due to the stress of Derek being shotMiscarriage
69%
Her husband, Derek Shephard, dies due to complications after a ____ _______Car Crash
68%
Her stepmother died from what? (and her father blames meredith for her death)Hiccups (complications)
66%
Meredith is attacked by a _________Patient
65%
Meredith has a hostile what?Uterus
64%
Meredith gets pushed off a pier and nearly ________Drowned
63%
Meredith gets __________ and has to have surgery for itAppendicitis
39%
In season 9, Meredith gives birth during a _______ ________, and almost dies due to complicationsPower Outage
29%

Score Distribution

Percentile by Number Answered

Percent of People with Each Score

Your Score History

You have not taken this quiz